Применение спектрального анализа в народном хозяйстве и научных исследованиях: материалы 4 Белорусского республиканского научно-технического семинара по спектральному анализу

Chi tiết về thư mục
Nhiều tác giả của công ty: Институт научно-технической информации и пропаганды при Госплане БССР, Белорусский республиканский научно-технический семинар по спектральному анализу
Tác giả khác: Янковский А. А. (редактор), Буракова В. С.
Ngôn ngữ:Tiếng Nga
Được phát hành: Минск, 1964
Những chủ đề:
Định dạng: Sách
KOHA link:https://koha.lib.tpu.ru/cgi-bin/koha/opac-detail.pl?biblionumber=333032

MARC

LEADER 00000nam0a2200000 4500
001 333032
005 20231102004520.0
035 |a (RuTPU)RU\TPU\book\359027 
035 |a RU\TPU\book\100282 
090 |a 333032 
100 |a 20170606d1964 km y0rusy50 ca 
101 0 |a rus 
102 |a BY 
105 |a a z 101zy 
200 1 |a Применение спектрального анализа в народном хозяйстве и научных исследованиях  |e материалы 4 Белорусского республиканского научно-технического семинара по спектральному анализу  |f Институт научно-технической информации и пропаганды при Госплане БССР ; Белорусский республиканский научно-технический семинар по спектральному анализу ; под ред. А. А. Янковского, В. С. Буракова 
210 |a Минск  |d 1964 
215 |a 148 с.  |c ил. 
320 |a Библиография в конце докладов. 
606 1 |a Спектральный анализ  |2 stltpush  |3 (RuTPU)RU\TPU\subj\67783  |9 83449 
610 1 |a народное хозяйство 
610 1 |a научные исследования 
610 1 |a применение 
610 1 |a семинары 
610 1 |a Минск 
610 1 |a визуальные методы 
610 1 |a плазменные генераторы 
610 1 |a газовый разряд 
610 1 |a полые катоды 
610 1 |a ультразвуковая обработка 
610 1 |a примеси 
610 1 |a растворы 
610 1 |a электролиты 
675 |a 543.42(063)  |v 3 
702 1 |a Янковский  |b А. А.  |4 340 
702 1 |a Буракова  |b В. С.  |4 340 
712 0 2 |a Институт научно-технической информации и пропаганды при Госплане БССР  |2 stltpush  |3 (RuTPU)RU\TPU\col\9503  |9 24700 
712 1 2 |a Белорусский республиканский научно-технический семинар по спектральному анализу  |d 4  |e Минск  |f 1964 
801 1 |a RU  |b 63413507  |c 20060330  |g PSBO 
801 2 |a RU  |b 63413507  |c 20201123  |g PSBO 
942 |c BK